Fires i festes : 1985 : Sant Sadurdí d'Anoia 1985 :
Descripción Física:
[52] p. : il. ; 30 cm
Materias:
Fil·loxera
MARC
| LEADER | 00000nam a2200000Ia 4500 | ||
|---|---|---|---|
| 001 | 9828 | ||
| 008 | 160829s1985 xx 000 0 cat d | ||
| 080 | |a M-1-166 | ||
| 245 | |a Fires i festes : |b 1985 : |b Sant Sadurdí d'Anoia | ||
| 260 | |a Sant Sadurní d'Anoia : |b Comissió de Festes Populars, |c 1985 | ||
| 300 | |a [52] p. : |b il. ; |c 30 cm | ||
| 590 | |a Conté artícles sobre:L'Escola de Viticultura i Enologia Mercè Rossell i Domenech, l'Escola Internacional de Pintura Mural 'Miquel Farré', La fil·loxera, Ràdio Sant Sadurní, La volta ciclista a Catalunya... Es el programa oficial de les festes populars de Sant Sadurní d'Anoia. | ||
| 650 | |a Fil·loxera |9 24412 | ||
| 901 | |a Arxiu | ||
| 942 | |n 1 | ||
| 952 | |0 0 |1 0 |4 0 |6 M1166 |7 1 |9 43141 |a Arxiu |b Arxiu |d 2016-12-01 |l 0 |o M-1-166 |p 9828 |r 2016-12-01 00:00:00 |w 2016-12-01 |y ARXIU | ||
| 999 | |c 45685 |d 45685 | ||